Zawodnicy, którzy byli największą średnią w Ekstralidze od 2007 roku - Statystyki

Ogólne statystyki
  • Ten quiz został rozwiązany 14 razy
  • Średni wynik to 15 z 17
Statystyki odpowiedzi
ROK ŚBP ZAWODNIK % Poprawnych
2023 2.526 Bartosz Zmarzlik
100%
2022 2.679 Bartosz Zmarzlik
100%
2021 2.649 Bartosz Zmarzlik
100%
2018 2.574 Bartosz Zmarzlik
100%
2017 2.376 Bartosz Zmarzlik
100%
2016 2.477 Bartosz Zmarzlik
100%
2010 2.675 Tomasz Gollob
100%
2012 2.605 Nicki Pedersen
92%
2008 2.775 Nicki Pedersen
92%
2007 2.730 Nicki Pedersen
92%
2020 2.523 Emil Sayfutdinov
75%
2015 2.419 Jarosław Hampel
75%
2013 2.514 Jarosław Hampel
75%
2011 2.625 Jarosław Hampel
75%
2009 2.494 Jason Crump
75%
2014 2.320 Greg Hancock
67%
2019 2.443 Leon Madsen
58%
Nie znaleziono quizów pasujących do podanych kryteriów
Rozkład punktacji
Procent ludzi z każdym wynikiem
Percentyl według liczby udzielonych odpowiedzi
Twoja historia wyników
Nie rozwiązałeś tego quizu